F1 Race Winners 2019 - Statistics

General Stats
  • This quiz has been taken 195 times
    168 since last reset
  • The average score is 21 of 21
Answer Stats
Hint Answer % Correct
Australia Bottas
99%
Azerbaijan Bottas
99%
Bahrain Hamilton
99%
China Hamilton
99%
Spain Hamilton
99%
Monaco Hamilton
99%
Canada Hamilton
99%
France Hamilton
99%
Great Britain Hamilton
99%
Hungary Hamilton
99%
Abu Dhabi Hamilton
99%
Russia Hamilton
98%
Mexico Hamilton
98%
Austria Verstappen
98%
Japan Bottas
97%
Brazil Verstappen
97%
USA Bottas
96%
Belgium Leclerc
96%
Germany Verstappen
96%
Singapore Vettel
96%
Italy Leclerc
95%
No matching quizzes found
Score Distribution
Percent of People with Each Score
Percentile by Number Answered
Your Score History
You have not taken this quiz since the last reset